00303 a2200133 450000100060000002000180000604000260002410000230005024000270007324500220010030000070012236200090012965000310013816802 a9788535605631 cAnchieta - Bela Vista aLopes, Jeam Carlos10aO doce de cada umlpor10aO doce de cada um a140 a2007 4aLiteratura infanto-juvenil